00664nam a2200217Ia 4500003000900000008004100009040001300050040001300063041000800076100002300084245005500107250000900162260002000171260000900191300001100200300001000211490000600221942000700227999001700234952019500251IT-RoPAU120407s9999 xx 000 0 und d aIT-RoPAU cIT-RoPAU aita aGiampiero Gamaleri aLa galassia McLuhan. Il mondo plasmato dai media?  aRoma aArmando Armando c1976 a221 p. c22 cm v1 cBK c29246d29246 00102ddc406304_77000000000000071aPAULUSbPAULUSd2012-04-11l0o304.77r2012-04-11 00:00:00w2012-04-11yBKzInserito da: Anna In data: 07 agosto 2011 fondo: Via A.Severo 56 Progr:19625